000 01073cam a2200277 4500
008 090401t1992 xxu||||| |||| 00| 0 eng d
020 _a0906225183
035 _a(Sirsi) u75379
041 _aeng
050 _a690.0285
100 _aWinterkorn, Erik
245 _aUsing computers for office management: a review of computer systems for job costing, fee calculation, management and resource control in construction industry professional offices.
260 _aCambridge
_bConstruction Industry Computing Associat
_c1992
300 _a114p. ; 30cm.
350 _a35
520 _aA survey of software, using information supplied by vendors, together with six case studies, which include interviews with users. Produced jointly with Gary Lucas Management Ltd.
650 _aBUILDING INDUSTRY
650 _aFEES
650 _aSOFTWARE
690 _aMANAGEMENT-BUSINESS MANAGEMENT-INFORMATION MANAGEMENT
700 _aLucas, J.
700 _aBiddle, D.
710 _aConstruction Industry Computing Association
_92635
942 _n0
948 _c04/03/1997
999 _c96003
_d96003